Statistics for Name the Anime Music Artist from their Songs

Click here to take the quiz!

General Stats

  • This quiz has been taken 44 times
  • The average score is 6 of 29

Answer Stats

HintAnswer% Correct
Crossing Field, oath sign, GurengeLiSA
100%
Connect, irony, CLICKClariS
46%
Brave Shine, Ref:rain, Hana no UtaAimer
41%
This Game, DAYS OF DASH, Ao no KanataKonomi Suzuki
41%
IGNITE, Sirius, MEMORIAAoi Eir
31%
My Soul Your Beats, Tori no Uta, Toki wo Kizamu UtaLia
28%
Sparkling Daydream, Caste Room, Seven DoorsZAQ
28%
Imagination, RAGE OF DUST, JUST ONE LIFESPYAIR
26%
DREAM SOLISTER, Sincerely, Another ColonyTRUE
26%
only my railgun, black bullet, killing bitesfripSide
23%
The HERO!!, Vanguard, EMGJAM Project
23%
Heavenly Blue, to the beginning, ObliviousKalafina
23%
adrenaline!!!, High Free Spirits, azureTrySail
21%
ambiguous, Error, YakusokuGARNiDELiA
18%
Kimi-iro Signal, Startear, Ripple EffectLuna Haruna
15%
Shiny Days, Edelweiss, Open your eyesAsaka
13%
Yukitoki, Mitsuba no Musubime, here and thereNagi Yanagi
13%
Reverb, Sign, Bright WayAya Uchida
10%
Colorful, Gomen ne Iiko ja Irarenai, Konna Sekai ShiritakunakattaMiku Sawai
10%
PARADOX, Skyreach, KanadeSora Amamiya
10%
Los! Los! Los!, Unbreakable, Eien LabyrinthAoi Yuuki
8%
FANTASTIC ILLUSION, Make it!, Changing pointi☆Ris
8%
Hishoku no Sora, Contrail ~Kiseki~, lull ~Soshite Bokura wa~Mami Kawada
8%
Honey Come!!, High Touch☆Memory, Eien ShounenYui Ogura
8%
Kyoumu Densen, Yuukyou Seishunka, Waga Routashi Aku no HanaALI PROJECT
5%
DEAREST DROP, Junshin Always, RESOLVEAzusa Tadokoro
5%
Waiting for the Rain, Hemisphere, OkaerinasaiMaaya Sakamoto
5%
TRY UNITE, Suisou, NatsudoriMegumi Nakajima
5%
Egao no Kimi e, Light for Knight, Kibou RefrainMimori Suzuko
5%

Score Distribution

Percentile by Number Answered

Percent of People with Each Score

Your Score History

You have not taken this quiz